| 000 | 01157nam a22003371i 4500 | ||
|---|---|---|---|
| 001 | bslw10107064 | ||
| 005 | 20240305165701.0 | ||
| 006 | m o d | ||
| 007 | cr un ---uuuua | ||
| 008 | 231128s2019 bl ob 000 0 por d | ||
| 020 | _a9788538405467 | ||
| 035 | _a40937 | ||
| 040 |
_aUtOrBLW _beng _erda _cUtOrBLW |
||
| 043 | _as-bl--- | ||
| 050 | 4 |
_aKHD1512 _b.S55 2019 |
|
| 082 | 0 | 4 |
_a346.8106626 _223 |
| 100 | 1 |
_aSilva, Renaldo Limiro da, _eauthor. |
|
| 245 | 1 | 2 |
_aA recuperação judicial comentada artigo por artigo : _b(lei 11,101/05) / _cRenaldo Limiro da Silva. |
| 250 | _a2a edição revista e atualizada. | ||
| 264 | 1 |
_aBelo Horizonte : _bEditora Del Rey, _c2019. |
|
| 300 | _a1 online resource (xxix, 472 pages) | ||
| 336 |
_atext _btxt _2rdacontent |
||
| 337 |
_acomputer _bc _2rdamedia |
||
| 338 |
_aonline resource _bcr _2rdacarrier |
||
| 504 | _aIncludes bibliographical references. | ||
| 650 | 0 |
_aCorporate reorganizations _xLaw and legislation _zBrazil. |
|
| 650 | 0 |
_aBusiness failures _xLaw and legislation _zBrazil. |
|
| 650 | 0 |
_aBankruptcy _zBrazil. |
|
| 856 | 4 | 0 | _uhttps://app.vlex.com/#/sources/40937 |
| 942 | _cRAA | ||
| 999 |
_c173434 _d173434 |
||